| 000 | 01733 a2200265 4500 | ||
|---|---|---|---|
| 001 | 89 | ||
| 005 | 20260407155408.0 | ||
| 008 | 260407a1996 arg spa d | ||
| 003 | AR-UNSa-BCEJYS | ||
| 040 |
_aAR-UNSa-BCEJYS _bspa _cAR-UNSa-BCEJYS |
||
| 080 |
_a519.2 _xProbabilidades y estadística matemática |
||
| 245 | 1 | 0 |
_aEstadística básica en administración _pconceptos y aplicaciones |
| 020 | _a978-968-880-784-2 | ||
| 250 | _a6a. ed. | ||
| 264 | 1 |
_aMéxico : _bPrentice-Hall Hispanoamericana _c1996 |
|
| 300 |
_axxv, 943 p. _c27 cm. |
||
| 505 | _a1. Introducción - 2. Recolección de datos - 3. Presentación de datos numéricos en tablas y diagramas - 4. Resumen y descripción de los datos numéricos - 5. Presentación de datos categóricos en tablas y diagramas - 6. Probabilidad básica - 7. Algunas distribuciones importantes de probabilidad discretas - 8. La distribución normal - 9. Distribuciones de muestreo - 10. Estimación - 11. Fundamentos de la prueba de hipótesis - 12. Prueba de una muestra con datos numéricos - 13. Pruebas de dos muestras con datos numéricos - 14. ANOVA y otras pruebas de c muestras con datos numéricos - 15. Prueba de hipótesis con datos categóricos - 16. Aplicaciones estadísticas en administración de la calidad y productividad - 17. Regresión lineal simple y correlación - 18. Modelos de regresión múltiple - 19. Pronóstico de series de tiempo | ||
| 942 | _cBK | ||
| 590 | _aniveau_biblio:m niveau_hierar:0 | ||
| 100 | 1 | _aBerenson, Mark L. | |
| 700 | 1 | _aLevine, David M. | |
| 700 | 1 | _aDomínguez R., Ariadne Catalina | |
| 700 | 1 | _aFlores Samaniego, A. Homero | |
| 856 | 4 | 1 |
_uhttps://www.biblioeco.unsa.edu.ar/pmb/images/libros/89.jpg _yImagen de portada _qimage/jpeg |
| 999 |
_c66 _d66 |
||